Pixar Animated Films by Decade - Statistics

General Stats
  • This quiz has been taken 180 times
    26 since last reset
  • The average score is 20 of 30
Answer Stats
Decade Year Title % Correct
1990s 1995 Toy Story
96%
1990s 1999 {Toy Story} 2
96%
2010s 2010 {Toy Story} 3
96%
2010s 2019 {Toy Story} 4
96%
2000s 2006 Cars
91%
2010s 2011 {Cars} 2
91%
2010s 2017 {Cars} 3
91%
2000s 2004 The Incredibles
74%
2000s 2009 Up
74%
1990s 1998 A Bug's Life
70%
2010s 2016 Finding Dory
70%
2000s 2003 Finding Nemo
70%
2010s 2018 {Incredibles} 2
70%
2010s 2015 Inside Out
70%
2020s 2024 {Inside Out} 2
70%
2000s 2001 Monsters, Inc.
70%
2010s 2013 Monsters University
70%
2000s 2008 WALL-E
70%
2010s 2012 Brave
65%
2010s 2017 Coco
57%
2020s 2025 Elio
57%
2020s 2021 Luca
57%
2020s 2020 Soul
57%
2020s 2022 Turning Red
52%
2020s 2023 Elemental
48%
2020s 2020 Onward
48%
2000s 2007 Ratatouille
48%
2010s 2015 The Good Dinosaur
48%
2020s 2026 Hoppers
35%
2020s 2022 Lightyear
30%
No matching quizzes found
Score Distribution
Percent of People with Each Score
Percentile by Number Answered
Your Score History
You have not taken this quiz since the last reset